000 00797na a2200241 4500
001 18959
003 MIRAKIL
005 20181213155121.0
008 161206b tu 000 0
035 _a18959
040 _aMilas
_btur
_cTR-AnCHP
041 _atur
082 _a350.561
_bY56 1997
090 _a350.561 Y56 1997
111 _a23-Kamu Yönetiminde Yozlaşma ve Rüşvet
_cİstanbul
_d1997
245 _a23-kamu yönetiminde yozlaşma ve rüşvet
_cTürkiye Genç İşadamları Derneği
260 _aİstanbul
_bTürkiye Genç İşadamları Derneği
_c1997
300 _a80 s.
_c27 sm.
500 _aKaynakça var.
650 _aKamu yönetimi
_xToplantılar
_zTürkiye
740 _a2000'li Yıllara Doğru Türkiye'nin Önde Gelen Sorunlarına Yaklaşımlar
942 _2dcc
_cBKS
999 _c6836
_d6836